000 01729nam a2200529 i 4500
001 1466
003 KOSZ 005
005 20220803091943.0
008 220803s1979 pl a f 000 0 pol
015 _aUWD 1979/10655
020 _a8301009012
035 _a991015596339705066
035 _a(PL-WaBN)b14191519-48omnis_nlop
035 _ab14191519
035 _a(OCoLC)803944344
035 _axx002278338
035 _a(PL)b0000001419151
035 _a(EXLNZ-48OMNIS_NETWORK)9910005022005606
040 _aWA N
_cWA N
_dKOSZ 005/RW
046 _k1979
080 _a624.21/.8
080 _a(075.8)
100 1 _aSzlęzak, Faustyn
_d(1915-2004)
_eAutor
245 1 0 _aMosty małe /
_cFaustyn Szlęzak.
250 _aWydanie I.
260 _aWarszawa :
_bPaństwowe Wydawnictwo Naukowe,
_c1979.
300 _a337, [2] stron :
_bilustracje, tabele, wykresy ;
_c24 cm.
336 _aTekst
_btxt
_2rdacontent
337 _aBez urządzenia pośredniczącego
_bn
_2rdamedia
338 _aWolumin
_bnc
_2rdacarrier
380 _aKsiążki
380 _aPublikacje dydaktyczne
385 _mPoziom nauczania
_aSzkoły wyższe
388 1 _a1901-2000
388 1 _a1945-1989
504 _aBibliografia na stronie [339].
521 8 _aSkrypt dla studentów akademii rolniczych.
650 7 _aMosty
_2DBN
650 7 _aProjektowanie
650 7 _aBudowa i konstrukcje
655 7 _aPodręczniki akademickie
_2DBN
658 _aArchitektura i budownictwo
710 2 _aPaństwowe Wydawnictwo Naukowe
_4pbl
856 _uhttp://koha.tu.koszalin.pl/cgi-bin/koha/opac-detail.pl?biblionumber=1466
_yKatalog online BPK
942 _2UKD
_cKS
999 _c1466
_d1466